[Event "Cracovia 2010"]
[Site "Krakow"]
[Date "2011.01.03"]
[Round "8.40"]
[White "Lohou, Stephane"]
[Black "Wisniowska, Klaudia"]
[Result "1/2-1/2"]
[WhiteElo "2165"]
[BlackElo "2011"]
[PlyCount "113"]
[EventDate "2011.??.??"]

1. e4 c5 2. Nf3 d6 3. d4 cxd4 4. Nxd4 Nf6 5. Nc3 Nc6 6. Bg5 Bd7 7. Qd2 Rc8 8.
Nb3 h6 9. Bxf6 gxf6 10. f4 a6 11. O-O-O b5 12. Nd5 e6 13. Ne3 Qb6 14. Kb1 a5
15. Nc1 a4 16. Be2 h5 17. g3 Be7 18. a3 Na5 19. f5 Nc4 20. Bxc4 bxc4 21. Qc3
Qc5 22. Ne2 Bd8 23. fxe6 fxe6 24. Rhf1 Qe5 25. Qb4 Be7 26. Nf4 Kf7 27. Nxc4
Rxc4 28. Qxc4 Bb5 29. Qc7 Bxf1 30. Rxf1 Qxe4 31. Nd3 Qa8 32. Qc4 Rc8 33. Qh4
Qa5 34. Qe4 Rh8 35. Nf4 Qe5 36. Qg6+ Kf8 37. Nd3 Qd5 38. Nf4 Qe5 39. Qd3 Rg8
40. Ng6+ Rxg6 41. Qxg6 Qe2 42. Rf4 Qd1+ 43. Ka2 Qd5+ 44. c4 Qd1 45. Rxf6+ Bxf6
46. Qxf6+ Ke8 47. Qxe6+ Kd8 48. Qf6+ Kd7 49. Qc3 Ke6 50. h3 Kf5 51. b3 axb3+
52. Qxb3 Qe2+ 53. Ka1 Qe5+ 54. Kb1 Kg6 55. Qd3+ Kh6 56. Kc2 Qc5 57. a4 1/2-1/2

[Event "Cracovia 2010"]
[Site "Krakow"]
[Date "2011.01.03"]
[Round "8.41"]
[White "Jacko, Vladimir"]
[Black "Janik, Andrzej"]
[Result "0-1"]
[WhiteElo "2068"]
[BlackElo "1918"]
[PlyCount "32"]
[EventDate "2011.??.??"]

1. g4 h5 2. g5 e5 3. d3 d5 4. h4 f5 5. Bg2 c6 6. b3 Qc7 7. Bb2 Be6 8. Nd2 Nd7
9. e3 O-O-O 10. c4 Ne7 11. Rc1 Kb8 12. Ne2 Nc5 13. Nf3 Ng6 14. d4 dxc4 15. bxc4
e4 16. Qc2 Nd3+ 0-1

[Event "Cracovia 2010"]
[Site "Krakow"]
[Date "2011.01.04"]
[Round "9.3"]
[White "Aliavdin, Nikolai"]
[Black "Sharapov, Evgeny"]
[Result "0-1"]
[WhiteElo "2377"]
[BlackElo "2468"]
[PlyCount "88"]
[EventDate "2011.??.??"]

1. e4 c5 2. Nf3 d6 3. d4 cxd4 4. Nxd4 Nf6 5. Nc3 Nc6 6. Bc4 Qb6 7. Nde2 e6 8.
Bb3 Be7 9. Be3 Qc7 10. Qd2 a6 11. O-O-O O-O 12. f4 b5 13. Ng3 Na5 14. Kb1 Nc4
15. Qd3 Nxe3 16. Qxe3 Nd7 17. f5 Nc5 18. Nh5 Nxb3 19. axb3 Qc5 20. Qg3 g6 21.
Nf4 Qe5 22. Qf3 Bb7 23. Nd3 Qg7 24. g4 Rac8 25. h4 Rxc3 26. bxc3 Qxc3 27. g5
gxf5 28. Qe2 Bxe4 29. Rh3 Rc8 30. Rd2 d5 31. Nf2 Qe5 32. Nd3 Qg7 33. Ka2 Qc3
34. Nf2 Qa5+ 35. Kb1 Bf8 36. Nxe4 fxe4 37. c3 Rxc3 38. Ra2 Qb4 39. Rxc3 Qxc3
40. Qc2 Qe1+ 41. Qc1 Qg3 42. Qc2 a5 43. Qc8 Qe1+ 44. Kb2 e3 0-1

[Event "Cracovia 2010"]
[Site "Krakow"]
[Date "2011.01.04"]
[Round "9.4"]
[White "Dragun, Kamil"]
[Black "Skawinski, Arkadiusz"]
[Result "1-0"]
[WhiteElo "2407"]
[BlackElo "2249"]
[PlyCount "65"]
[EventDate "2011.??.??"]

1. e4 e6 2. d4 d5 3. Nd2 Be7 4. Ngf3 Nf6 5. Bd3 c5 6. c3 cxd4 7. Nxd4 e5 8.
N4f3 dxe4 9. Nxe4 Nxe4 10. Qa4+ Nc6 11. Bxe4 Bd7 12. O-O O-O 13. Qc2 h6 14.
Bxc6 Bxc6 15. Nxe5 Bb5 16. Re1 Bd6 17. a4 Bxe5 18. axb5 Qc7 19. h3 Qc5 20. Qe2
Bc7 21. Be3 Qe5 22. g3 Rfe8 23. Qf1 Qf5 24. c4 h5 25. h4 Re4 26. b6 Be5 27.
bxa7 Bxb2 28. Rab1 Qe5 29. Re2 Bd4 30. Bxd4 Qxd4 31. Rxb7 Kh7 32. Rxe4 Qxe4 33.
Rxf7 1-0

[Event "Cracovia 2010"]
[Site "Krakow"]
[Date "2011.01.04"]
[Round "9.5"]
[White "Shishkin, Vadim"]
[Black "Duda, Jan-Krzysztof"]
[Result "0-1"]
[WhiteElo "2458"]
[BlackElo "2247"]
[PlyCount "104"]
[EventDate "2011.??.??"]

1. d4 d5 2. c4 e6 3. Nc3 c6 4. Nf3 Nf6 5. g3 Nbd7 6. Bg2 Be7 7. O-O O-O 8. b3
b6 9. Bb2 Ba6 10. Qd3 Rc8 11. Rac1 c5 12. Nb5 Bxb5 13. cxb5 Ne4 14. Ne5 f5 15.
Nc6 Qe8 16. f3 Nd6 17. e4 Bg5 18. Rc2 fxe4 19. fxe4 Rxf1+ 20. Kxf1 dxe4 21.
Bxe4 Qh5 22. Kg2 Rf8 23. Bf3 Qh6 24. Re2 Nf5 25. d5 Ne3+ 26. Rxe3 Bxe3 27. Qe4
Bd4 28. Bxd4 cxd4 29. dxe6 Nc5 30. Qd5 Qxe6 31. Qxe6+ Nxe6 32. Bd5 Kf7 33. Nxd4
Rd8 34. Bxe6+ Kf6 35. Nc6 Rd2+ 36. Kh3 Kxe6 37. Nxa7 Rxa2 38. Nc8 Ra5 39. Nxb6
Rxb5 40. Nc4 Rxb3 41. Nd2 Rb4 42. Nf1 Kf5 43. Kg2 Ke4 44. Nd2+ Ke3 45. Nf1+ Ke2
46. h4 Rb2 47. Nh2 Ke3+ 48. Kh3 Re2 49. h5 h6 50. Ng4+ Kf3 51. Nh2+ Rxh2+ 52.
Kxh2 Kg4 0-1

[Event "Cracovia 2010"]
[Site "Krakow"]
[Date "2011.01.04"]
[Round "9.6"]
[White "Gbyl, Andrzej"]
[Black "Grinev, Valeriy"]
[Result "0-1"]
[WhiteElo "2286"]
[BlackElo "2361"]
[PlyCount "110"]
[EventDate "2011.??.??"]

1. d4 Nf6 2. c4 c5 3. d5 e6 4. Nc3 exd5 5. cxd5 d6 6. e4 g6 7. Be2 Bg7 8. Nf3
O-O 9. O-O a6 10. a4 Bg4 11. Nd2 Bxe2 12. Qxe2 Nbd7 13. Nc4 Nb6 14. Ne3 Qe7 15.
a5 Nbd7 16. Nc4 Ne5 17. Nb6 Rae8 18. Bg5 h6 19. Bh4 g5 20. Bg3 Nfd7 21. Nxd7
Qxd7 22. f4 gxf4 23. Bxf4 f5 24. Qh5 Qf7 25. Qh3 Qg6 26. Qg3 Kh7 27. Qxg6+ Kxg6
28. Bg3 Nc4 29. exf5+ Rxf5 30. Rxf5 Kxf5 31. Rf1+ Kg6 32. Rf4 Bd4+ 33. Kh1 Nxb2
34. Rg4+ Kh7 35. Ne4 Nc4 36. h3 h5 37. Rf4 Kg6 38. Bh4 Be5 39. Rf3 Rb8 40. Bf6
Rf8 41. Bxe5 Rxf3 42. gxf3 Nxe5 43. Nxd6 c4 44. Ne4 Nxf3 45. Kg2 Nd4 46. Kf2
Kf5 47. Nd6+ Ke5 48. Nxc4+ Kxd5 49. Nd2 Nc6 50. Kg3 Nxa5 51. Kh4 Nc4 52. Nb1 b5
53. Kxh5 b4 54. Kg5 a5 55. h4 a4 0-1

[Event "Cracovia 2010"]
[Site "Krakow"]
[Date "2011.01.04"]
[Round "9.7"]
[White "Mertanen, Janne"]
[Black "Wcislo, Damian"]
[Result "0-1"]
[WhiteElo "2318"]
[BlackElo "2219"]
[PlyCount "180"]
[EventDate "2011.??.??"]

1. d4 Nf6 2. c4 c5 3. d5 b5 4. cxb5 a6 5. bxa6 g6 6. Nc3 Bxa6 7. e4 Bxf1 8.
Kxf1 d6 9. g3 Bg7 10. Kg2 O-O 11. Nf3 Nbd7 12. Re1 Ng4 13. Qe2 Nb6 14. Bf4 Na4
15. Rac1 Nxc3 16. bxc3 Ra3 17. c4 Qa5 18. Rc2 f6 19. Rb1 Qa6 20. Bc1 Ra4 21. a3
Bh6 22. Nd2 Bxd2 23. Qxg4 Bxc1 24. Qe6+ Kg7 25. Rbxc1 Re8 26. Qd7 Kf8 27. h4
Rxa3 28. Qg4 Rb8 29. h5 Qc8 30. Qf4 g5 31. Qf5 Qxf5 32. exf5 g4 33. Rc3 Rbb3
34. Rxb3 Rxb3 35. Ra1 Rf3 36. Ra8+ Kf7 37. Rh8 Rxf5 38. Rxh7+ Kf8 39. h6 Re5
40. Rg7 Rh5 41. Rxg4 Rxh6 42. Rh4 Rg6 43. Rh5 Rg8 44. f4 Kg7 45. Rh1 Rb8 46.
Re1 Kf7 47. f5 Rb3 48. Re4 Rc3 49. Kh3 Rc2 50. Kg4 Rh2 51. Re1 Ke8 52. Re4 Kd7
53. Kf3 Rh7 54. Rh4 Rg7 55. Rh8 Kc7 56. g4 Kb6 57. Ra8 Rh7 58. Kg2 Rh4 59. Kg3
Rh1 60. Re8 Re1 61. Rb8+ Kc7 62. Re8 Kd7 63. Ra8 Re3+ 64. Kf4 Rc3 65. Ra4 Ke8
66. g5 fxg5+ 67. Kxg5 Kf7 68. f6 exf6+ 69. Kf5 Rf3+ 70. Ke4 Rf1 71. Ra7+ Ke8
72. Ra8+ Kd7 73. Ra7+ Kc8 74. Ra8+ Kb7 75. Rf8 Kc7 76. Rf7+ Kd8 77. Ra7 f5+ 78.
Ke3 Ke8 79. Rh7 f4+ 80. Kd3 Re1 81. Rh4 Re3+ 82. Kd2 Re4 83. Kd3 Rd4+ 84. Kc3
f3 85. Rh2 Ke7 86. Rf2 Rf4 87. Kd3 Kf6 88. Ke3 Ke5 89. Kd3 Rd4+ 90. Ke3 Rxc4
0-1

[Event "Cracovia 2010"]
[Site "Krakow"]
[Date "2011.01.04"]
[Round "9.8"]
[White "Jakubiec, Artur"]
[Black "Bulski, Krzysztof"]
[Result "1/2-1/2"]
[WhiteElo "2547"]
[BlackElo "2470"]
[PlyCount "40"]
[EventDate "2011.??.??"]

1. e4 e5 2. f4 d5 3. exd5 exf4 4. Nf3 Nf6 5. Bb5+ c6 6. dxc6 Nxc6 7. d4 Bd6 8.
Qe2+ Be6 9. Ng5 O-O 10. Nxe6 Qb6 11. Bxc6 bxc6 12. Nd2 Rfe8 13. Nc4 Qb8 14. O-O
Rxe6 15. Qf3 g5 16. Qxc6 Be5 17. Qc5 Nd7 18. Qd5 Nf6 19. Qc5 Nd7 20. Qd5 Nf6
1/2-1/2

[Event "Cracovia 2010"]
[Site "Krakow"]
[Date "2011.01.04"]
[Round "9.9"]
[White "Gagarin, Vasilij"]
[Black "Miron, Lucian-Costin"]
[Result "1/2-1/2"]
[WhiteElo "2435"]
[BlackElo "2496"]
[PlyCount "91"]
[EventDate "2011.??.??"]

1. d4 Nf6 2. c4 g6 3. Nf3 Bg7 4. g3 O-O 5. Bg2 d6 6. O-O Nbd7 7. Nc3 e5 8. e4
a6 9. Rb1 b5 10. dxe5 dxe5 11. a3 c6 12. Qe2 Qe7 13. Be3 Ng4 14. Bg5 f6 15. Bc1
Nb6 16. Nd2 Be6 17. Bh3 f5 18. exf5 gxf5 19. cxb5 axb5 20. Bxg4 fxg4 21. Re1
Qf7 22. Nde4 Qh5 23. Be3 Nd5 24. Bc5 Rf3 25. Rbd1 Qg6 26. Bd6 Rd8 27. Bc5 Rd7
28. h4 Nxc3 29. Nxc3 Bc4 30. Qe4 Qxe4 31. Nxe4 Rfd3 32. Rxd3 Rxd3 33. Bb4 h6
34. Bc3 Kf7 35. Nd2 Bd5 36. Re3 Rxe3 37. fxe3 c5 38. Kf2 Ke6 39. e4 Bc6 40. Ke3
h5 41. Ba5 Bh6+ 42. Ke2 Kd6 43. Bb6 Bb7 44. Ba7 Ba6 45. b4 cxb4 46. axb4
1/2-1/2

[Event "Cracovia 2010"]
[Site "Krakow"]
[Date "2011.01.04"]
[Round "9.10"]
[White "Barski, Radoslaw"]
[Black "Gavrilov, Alexei"]
[Result "0-1"]
[WhiteElo "2278"]
[BlackElo "2488"]
[PlyCount "140"]
[EventDate "2011.??.??"]

1. e4 e6 2. d4 d5 3. Nd2 c5 4. Ngf3 Nf6 5. exd5 exd5 6. Bb5+ Bd7 7. Qe2+ Be7 8.
dxc5 O-O 9. Nb3 Re8 10. O-O Bxc5 11. Qd3 Bb6 12. Bxd7 Nbxd7 13. a4 a6 14. a5
Ba7 15. Bg5 h6 16. Bh4 Qc7 17. c3 Rac8 18. Bg3 Qc4 19. Qxc4 Rxc4 20. Nfd2 Rg4
21. Rfd1 Nh5 22. Kf1 Nxg3+ 23. hxg3 Nf6 24. Nf3 Rge4 25. Nfd4 g6 26. Ra4 h5 27.
Rb4 R4e7 28. f3 Kg7 29. Rd2 Re1+ 30. Kf2 R1e7 31. Nc1 Rc8 32. Re2 Rd7 33. Nd3
Rc4 34. Ke1 Rdc7 35. Nc2 Kf8 36. Kd2 Bb8 37. Rb6 R4c6 38. Nd4 Rxb6 39. axb6 Re7
40. Nc5 Bxg3 41. Rxe7 Kxe7 42. Nxb7 Nd7 43. Nc6+ Kf6 44. b3 Nxb6 45. Nb4 Bf4+
46. Ke2 Be5 47. Kd3 Kf5 48. c4 dxc4+ 49. bxc4 Kf4 50. c5 Na8 51. Ke2 Kg3 52.
Kf1 Nc7 53. Nd6 f5 54. Nd3 Bd4 55. c6 a5 56. Nc1 Bc5 57. Ne2+ Kh2 58. Nc4 a4
59. f4 a3 60. Ne5 h4 61. Nf3+ Kh1 62. Nc3 Nd5 63. Na2 Be7 64. Nd4 Bd6 65. Ne6
Nc7 66. Nd4 Bxf4 67. Nf3 Bg3 68. Nd4 Be5 69. Nc2 Bd6 70. Nd4 Kh2 0-1

[Event "Cracovia 2010"]
[Site "Krakow"]
[Date "2011.01.04"]
[Round "9.11"]
[White "Starostits, Ilmars"]
[Black "Odnorozhenko, Evgenyi"]
[Result "1-0"]
[WhiteElo "2488"]
[BlackElo "2333"]
[PlyCount "83"]
[EventDate "2011.??.??"]

1. e4 c5 2. Nc3 Nc6 3. g3 g6 4. Bg2 Bg7 5. d3 d6 6. f4 e5 7. Nh3 Nge7 8. f5 h5
9. fxg6 fxg6 10. O-O Bg4 11. Qd2 Qd7 12. Ng5 Rf8 13. Rxf8+ Bxf8 14. h3 Be6 15.
Nd5 Bxd5 16. exd5 Nd8 17. Qf2 Qf5 18. Qe2 Bg7 19. Bd2 Qf8 20. d4 a6 21. dxc5
dxc5 22. Rf1 Qg8 23. Bc3 Kd7 24. Bxe5 Nf5 25. Ne4 Rc8 26. Nf6+ Bxf6 27. Bxf6
Qf8 28. Bxd8 Qxd8 29. Qe6+ Kc7 30. Qxg6 Nd6 31. Qxh5 Qe7 32. Qf3 Rg8 33. Kh2
Qe5 34. Qc3 Qg5 35. Qxc5+ Kd7 36. Qf2 Rg7 37. Qf4 Qg6 38. c4 Nxc4 39. Be4 Qd6
40. Bf5+ Ke8 41. Re1+ Kf8 42. Bg6+ 1-0

[Event "Cracovia 2010"]
[Site "Krakow"]
[Date "2011.01.04"]
[Round "9.12"]
[White "Hartikainen, Markku"]
[Black "Soffer, Ram"]
[Result "0-1"]
[WhiteElo "2314"]
[BlackElo "2486"]
[PlyCount "94"]
[EventDate "2011.??.??"]

1. e4 e6 2. d4 d5 3. e5 c5 4. c3 Nc6 5. Nf3 Nh6 6. Bd3 cxd4 7. cxd4 Nf5 8. Bxf5
exf5 9. O-O Be6 10. Nc3 Be7 11. a3 Rc8 12. Na4 b6 13. b4 g5 14. Qd3 f4 15. Bb2
Qd7 16. Rac1 O-O 17. Nc3 Kh8 18. Rfd1 Rg8 19. Nb5 g4 20. Nd2 Bf5 21. Qf1 Rg6
22. Rc3 a6 23. Nd6 Bxd6 24. exd6 Ra8 25. b5 axb5 26. Qxb5 Rxd6 27. Rdc1 Nd8 28.
Qb4 Ne6 29. Nb3 Kg7 30. Nd2 Kg6 31. Nf1 Ra4 32. Qb3 Nxd4 33. Qd1 Rc4 34. Kh1 b5
35. Qd2 Ne6 36. Rxc4 bxc4 37. Qc3 Qd8 38. Re1 f6 39. f3 Bd3 40. fxg4 d4 41. Qd2
Qa8 42. Kg1 f3 43. Ng3 fxg2 44. Nf5 Ng5 45. Ne7+ Kf7 46. Qxg2 Qxg2+ 47. Kxg2 c3
0-1

[Event "Cracovia 2010"]
[Site "Krakow"]
[Date "2011.01.04"]
[Round "9.13"]
[White "Klim, Kamil"]
[Black "Nguyen, Piotr"]
[Result "0-1"]
[WhiteElo "2302"]
[BlackElo "2394"]
[PlyCount "90"]
[EventDate "2011.??.??"]

1. e4 e6 2. d4 d5 3. Nc3 Bb4 4. Nge2 Nc6 5. exd5 exd5 6. a3 Ba5 7. Bf4 Nf6 8.
f3 O-O 9. Qd2 Qe7 10. Bg5 Rd8 11. g4 h6 12. Bf4 b5 13. Qe3 Qf8 14. b4 Bb6 15.
Be5 Nxe5 16. Qxe5 a5 17. Rb1 c6 18. Bg2 Ra7 19. Qf4 Bc7 20. Qd2 Qd6 21. Nd1 Re8
22. Kf1 Nd7 23. c3 Nb6 24. Ne3 Bb8 25. Ng3 Qf4 26. Kf2 axb4 27. axb4 Qg5 28.
Rhe1 Bf4 29. Qd3 Ra2+ 30. Nc2 Be6 31. Ra1 Rea8 32. Nf1 h5 33. h3 Bd6 34. Rxa2
Rxa2 35. Kg1 Na4 36. Nce3 Ra3 37. Nd1 Bxb4 38. Rxe6 fxe6 39. Qe2 Nxc3 40. Qxe6+
Kh7 41. Nf2 Ra2 42. Ng3 h4 43. Bf1 hxg3 44. Bd3+ Ne4 45. Nd1 Rd2 0-1

[Event "Cracovia 2010"]
[Site "Krakow"]
[Date "2011.01.04"]
[Round "9.14"]
[White "Bobula, Mateusz"]
[Black "Voiteanu, Gabriel"]
[Result "1-0"]
[WhiteElo "2393"]
[BlackElo "2262"]
[PlyCount "71"]
[EventDate "2011.??.??"]

1. d4 Nf6 2. c4 g6 3. Nf3 Bg7 4. g3 O-O 5. Bg2 d5 6. cxd5 Nxd5 7. O-O Nc6 8.
Nc3 Nb6 9. e3 Re8 10. d5 Na5 11. Nd4 Bd7 12. e4 c6 13. Re1 cxd5 14. exd5 Rc8
15. Bf4 Nac4 16. b3 Nb2 17. Qd2 N6c4 18. bxc4 Nxc4 19. Qd3 Nb2 20. Qe3 Nc4 21.
Qe4 f5 22. Qd3 Nb2 23. Qd2 Nc4 24. Qd1 Nb2 25. Qb3 Bxd4 26. d6+ Kg7 27. Qxb2
Bxc3 28. Be5+ Bxe5 29. Qxe5+ Kf7 30. Bxb7 Rc2 31. dxe7 Qxe7 32. Bd5+ Be6 33.
Rab1 Rd2 34. Bxe6+ Qxe6 35. Rb7+ Rd7 36. Qxe6+ 1-0

[Event "Cracovia 2010"]
[Site "Krakow"]
[Date "2011.01.04"]
[Round "9.15"]
[White "Swiech, Przemyslaw"]
[Black "Strzemiecki, Zbigniew"]
[Result "1/2-1/2"]
[WhiteElo "2207"]
[BlackElo "2367"]
[PlyCount "136"]
[EventDate "2011.??.??"]

1. d4 Nf6 2. c4 e6 3. Nc3 Bb4 4. e3 O-O 5. Bd3 c5 6. a3 cxd4 7. axb4 dxc3 8.
bxc3 d6 9. Nf3 e5 10. e4 Be6 11. Be3 Nbd7 12. O-O Qc7 13. Nd2 Nb6 14. Qe2 Rfc8
15. f4 Nxc4 16. fxe5 Nxe5 17. Ra3 Nxd3 18. Qxd3 Bc4 19. Nxc4 Qxc4 20. Qxc4 Rxc4
21. Rfa1 a6 22. b5 h5 23. Bd4 Nxe4 24. bxa6 Rxa6 25. Rxa6 bxa6 26. Rxa6 Kh7 27.
Ra3 Rc8 28. Kf1 Re8 29. Ra7 Kg6 30. Rc7 f6 31. Ra7 Kh6 32. Rc7 g5 33. c4 Nd2+
34. Kf2 Re4 35. Bxf6 Nxc4 36. g3 Ne3 37. Kf3 Re6 38. Ba1 Nf5 39. Rc8 g4+ 40.
Kf2 Ne7 41. Re8 Kg6 42. Bd4 Re4 43. Be3 d5 44. Bf4 Kg7 45. Rd8 Kf6 46. Rd6+ Re6
47. Bg5+ Ke5 48. Bf4+ Kf5 49. Rd8 Ra6 50. Rf8+ Kg6 51. Re8 Ra2+ 52. Kg1 Nf5 53.
Re6+ Kf7 54. Re5 Nd4 55. Rxd5 Nf3+ 56. Kf1 Nxh2+ 57. Ke1 Nf3+ 58. Kf1 Kg6 59.
Rb5 Ra1+ 60. Kf2 Ra2+ 61. Kf1 Ra6 62. Kf2 Rf6 63. Ke3 Rf5 64. Rb6+ Kf7 65. Ke4
Ra5 66. Rb7+ Ke6 67. Rb6+ Kd7 68. Rb7+ Ke6 1/2-1/2

[Event "Cracovia 2010"]
[Site "Krakow"]
[Date "2011.01.04"]
[Round "9.16"]
[White "Wandzik, Wojciech"]
[Black "Jasny, Stanislav"]
[Result "0-1"]
[WhiteElo "2241"]
[BlackElo "2351"]
[PlyCount "86"]
[EventDate "2011.??.??"]

1. e4 c5 2. Nf3 Nc6 3. Bb5 g6 4. O-O Bg7 5. c3 Nf6 6. Re1 O-O 7. d4 cxd4 8.
cxd4 d5 9. e5 Ne4 10. Nbd2 Bf5 11. Bxc6 bxc6 12. Nb3 a5 13. Nc5 Nxc5 14. dxc5
Bg4 15. Bf4 Qb8 16. h3 Bxf3 17. Qxf3 Qxb2 18. Rab1 Qd4 19. Rb7 Rae8 20. Rc7
Qxc5 21. Rb1 Qc2 22. Rbb7 Qxa2 23. Rxc6 e6 24. Rcc7 Rc8 25. Rd7 Qa1+ 26. Kh2
Bxe5 27. Rxf7 Rxf7 28. Rxf7 Qc3 29. Bxe5 Qxe5+ 30. g3 a4 31. Rf4 Qd6 32. Rxa4
Rf8 33. Qe2 e5 34. Kg1 Qc5 35. Qd2 Rc8 36. Kg2 Qc6 37. Ra7 d4+ 38. Kh2 Qc2 39.
Qe1 e4 40. Rd7 Rf8 41. Kg1 e3 42. fxe3 Rb8 43. Rxd4 Rb2 0-1

[Event "Cracovia 2010"]
[Site "Krakow"]
[Date "2011.01.04"]
[Round "9.17"]
[White "Toma, Katarzyna"]
[Black "Krzyzanowski, Marcin"]
[Result "1-0"]
[WhiteElo "2234"]
[BlackElo "2342"]
[PlyCount "69"]
[EventDate "2011.??.??"]

1. e4 c5 2. Nf3 d6 3. d4 cxd4 4. Nxd4 Nf6 5. Nc3 a6 6. Be2 e6 7. a4 Be7 8. O-O
Nbd7 9. f4 Qc7 10. Kh1 O-O 11. Bf3 Rd8 12. Qe1 Nf8 13. Be3 e5 14. Nde2 b6 15.
Qf2 Rb8 16. f5 d5 17. Nxd5 Rxd5 18. exd5 e4 19. Nd4 exf3 20. Qxf3 Bb7 21. Bf4
Bd6 22. Bxd6 Qxd6 23. c4 Rc8 24. b3 N8d7 25. Rae1 h5 26. h3 Nc5 27. Re3 Nxb3
28. Rxb3 Rxc4 29. Nc6 Nxd5 30. Na5 Rf4 31. Qd1 Ba8 32. Re1 Qd7 33. Rbe3 bxa5
34. Re8+ Kh7 35. Qxh5# 1-0

[Event "Cracovia 2010"]
[Site "Krakow"]
[Date "2011.01.04"]
[Round "9.18"]
[White "Lach, Aleksandra"]
[Black "Mazur, Stefan"]
[Result "1/2-1/2"]
[WhiteElo "2206"]
[BlackElo "2389"]
[PlyCount "94"]
[EventDate "2011.??.??"]

1. c4 e5 2. Nc3 Nf6 3. g3 Bb4 4. Bg2 O-O 5. e4 Bxc3 6. bxc3 Re8 7. Ne2 c6 8.
Qb3 Na6 9. Ba3 d6 10. O-O Nc5 11. Qc2 Qa5 12. Bb4 Qa4 13. Qxa4 Nxa4 14. Bxd6
Be6 15. d3 Rad8 16. c5 Nd7 17. f4 Ndxc5 18. Bxc5 Nxc5 19. f5 Bc8 20. Nc1 Nxd3
21. Nb3 Nb2 22. Na5 Rd2 23. Rab1 Na4 24. Rfc1 Nc5 25. a3 f6 26. Bf1 Red8 27.
Nc4 R2d7 28. Re1 b6 29. g4 Ba6 30. g5 Nd3 31. Bxd3 Rxd3 32. Nb2 Rxc3 33. Rbd1
Rd4 34. gxf6 gxf6 35. Ra1 c5 36. Nd1 Rb3 37. Nf2 Bb7 38. Ra2 Bc6 39. Ng4 Kg7
40. Rg2 Bxe4 41. Rxe4 Rb1+ 42. Kf2 Rxe4 43. Nxe5+ Kf8 44. Nd7+ Kf7 45. Rg3 Rb2+
46. Kf3 Rd4 47. Nb8 Rb3+ 1/2-1/2

[Event "Cracovia 2010"]
[Site "Krakow"]
[Date "2011.01.04"]
[Round "9.19"]
[White "Kalvaitis, Sigitas"]
[Black "Kulon, Klaudia"]
[Result "1/2-1/2"]
[WhiteElo "2327"]
[BlackElo "2208"]
[PlyCount "71"]
[EventDate "2011.??.??"]

1. e4 c5 2. Nf3 e6 3. c3 Nf6 4. e5 Nd5 5. d4 cxd4 6. cxd4 d6 7. a3 Bd7 8. Bd3
Bc6 9. O-O Nd7 10. b4 a6 11. Nbd2 dxe5 12. dxe5 Be7 13. Ne4 h6 14. Qe2 Qc7 15.
g3 Nxe5 16. Nxe5 Qxe5 17. Bb2 Qc7 18. Rac1 O-O 19. Qg4 g6 20. Nc5 h5 21. Qe2
Bxc5 22. Rxc5 Rad8 23. Rfc1 Qd6 24. Bxa6 Ne7 25. Be5 Qd2 26. Bf6 Rfe8 27. Qxd2
Rxd2 28. Bb5 Bxb5 29. Rxb5 Nd5 30. Bg5 Ra2 31. Rxb7 Rxa3 32. b5 Rea8 33. Rb1
R3a7 34. Rxa7 Rxa7 35. Be3 Rb7 36. b6 1/2-1/2

[Event "Cracovia 2010"]
[Site "Krakow"]
[Date "2011.01.04"]
[Round "9.20"]
[White "Mucha, Roman"]
[Black "Granovskiy, Alexandr"]
[Result "1/2-1/2"]
[WhiteElo "2166"]
[BlackElo "2312"]
[PlyCount "182"]
[EventDate "2011.??.??"]

1. d4 d5 2. Nf3 Nf6 3. c4 e6 4. e3 Nbd7 5. Bd3 dxc4 6. Bxc4 c5 7. O-O a6 8. a4
Be7 9. Nc3 O-O 10. a5 cxd4 11. exd4 b5 12. axb6 Nxb6 13. Bd3 Bb7 14. Ne5 Nbd5
15. Bg5 Qd6 16. Nc4 Qc7 17. Na5 Nb4 18. Be2 Bd5 19. Qa4 Qb6 20. Nxd5 Nfxd5 21.
Bxe7 Nxe7 22. Nc4 Qb8 23. Ne5 Rd8 24. Rfd1 Ra7 25. Rac1 Nf5 26. Rc4 a5 27. Bg4
Nd6 28. Rc5 Qb6 29. Rdc1 g6 30. h3 Ne4 31. R5c4 Kg7 32. Qd1 Nd6 33. Rc5 Nb5 34.
Nc4 Qb8 35. Qa4 Nxd4 36. Nxa5 h5 37. Bd1 Qf4 38. Qa3 Nb5 39. Qa4 Nd4 40. Bg4
Qb8 41. Bd1 Qf4 42. Qa3 Nb5 43. Qa4 Nd4 44. Qa3 e5 45. g3 Qd2 46. Qc3 Qxc3 47.
bxc3 Nd3 48. cxd4 Nxc1 49. Nc6 Nd3 50. Rb5 Ra1 51. Nxd8 Rxd1+ 52. Kg2 Ne1+ 53.
Kf1 Nf3+ 54. Ke2 Nxd4+ 55. Kxd1 Nxb5 56. Ke2 Kf6 57. h4 Nd4+ 58. Kd3 Ke7 59.
Nb7 f5 60. f4 Nb3 61. Kc3 exf4 62. gxf4 Nc1 63. Kd2 Na2 64. Ke3 Nb4 65. Na5 Kd6
66. Nc4+ Kc5 67. Ne5 Nd5+ 68. Kf3 Ne7 69. Ke3 Kd5 70. Kd3 Kc5 71. Ke3 Kd6 72.
Kf3 Ke6 73. Kg3 Kf6 74. Nd7+ Kg7 75. Ne5 Nd5 76. Kf3 Nf6 77. Kg3 Ng4 78. Nd7
Kf7 79. Kf3 Ke7 80. Nb6 Ke6 81. Nc4 Kd5 82. Nb6+ Ke6 83. Nc4 Ke7 84. Kg3 Kd7
85. Nb6+ Kc6 86. Nc8 Kd5 87. Ne7+ Ke4 88. Nxg6 Ne3 89. Nf8 Nd5 90. Ne6 Ke3 91.
Ng7 Nxf4 1/2-1/2

[Event "Cracovia 2010"]
[Site "Krakow"]
[Date "2011.01.04"]
[Round "9.22"]
[White "Cruz Alvarez De Ron, Dan"]
[Black "Bukhteeva, Viktoria"]
[Result "1/2-1/2"]
[WhiteElo "2273"]
[BlackElo "2136"]
[PlyCount "82"]
[EventDate "2011.??.??"]

1. Nf3 d5 2. d4 Nf6 3. e3 e6 4. Bd3 Bd6 5. O-O O-O 6. b3 c5 7. Bb2 Nc6 8. a3
Ne4 9. Nbd2 f5 10. c4 b6 11. cxd5 exd5 12. Ne5 Bb7 13. f3 Nxd2 14. Qxd2 f4 15.
exf4 Nxd4 16. Bxd4 cxd4 17. Rfe1 Qf6 18. g3 Rfe8 19. Ng4 Qf8 20. b4 a5 21. bxa5
Rxa5 22. Qb2 Rxa3 23. Qxb6 Rxa1 24. Rxa1 Qe7 25. Kg2 h5 26. Ne5 Bc8 27. Qxd4
Qe6 28. Ra8 g5 29. Ra7 Bxe5 30. fxe5 Qxe5 31. Qxe5 Rxe5 32. Ra8 Re8 33. Bf5 Bd7
34. Be6+ Kg7 35. Rxe8 Bxe8 36. Bxd5 Kf6 37. Kf2 Ke5 38. Bb3 Kd4 39. Bd1 h4 40.
Kg2 Bd7 41. Kf2 Bf5 1/2-1/2

[Event "Cracovia 2010"]
[Site "Krakow"]
[Date "2011.01.04"]
[Round "9.23"]
[White "Gonzalez Diaz, Julio"]
[Black "Adamowicz, Katarzyna"]
[Result "1-0"]
[WhiteElo "2259"]
[BlackElo "2139"]
[PlyCount "101"]
[EventDate "2011.??.??"]

1. e4 e5 2. Nf3 Nc6 3. d4 exd4 4. Nxd4 Nf6 5. Nxc6 bxc6 6. Bd3 d5 7. exd5 cxd5
8. O-O Be7 9. Bg5 O-O 10. c4 Be6 11. Qc2 h6 12. Bh4 c6 13. Nd2 Nd7 14. Bxe7
Qxe7 15. Rfe1 Qf6 16. cxd5 cxd5 17. Nf3 Rac8 18. Qd2 Rfd8 19. Nd4 Nc5 20. Rad1
Kh8 21. Bb1 Bd7 22. Re3 Ne6 23. Nxe6 Bxe6 24. Rf3 Qh4 25. Rf4 Qg5 26. h4 Qh5
27. Re1 Re8 28. Qd3 f5 29. Qd2 Rc4 30. Rxc4 dxc4 31. Qf4 Qf7 32. Kh2 Bd7 33.
Rxe8+ Qxe8 34. Bxf5 Bxf5 35. Qxf5 Qb8+ 36. Kg1 Qxb2 37. Qf8+ Kh7 38. Qf5+ Kh8
39. Qc8+ Kh7 40. Qxc4 Qe5 41. g3 Qe1+ 42. Qf1 Qe6 43. Qb1+ Kh8 44. Qb8+ Kh7 45.
Qxa7 Qe1+ 46. Kh2 Kg6 47. a4 Kf6 48. a5 g5 49. hxg5+ hxg5 50. Qd4+ Kf7 51. a6
1-0

[Event "Cracovia 2010"]
[Site "Krakow"]
[Date "2011.01.04"]
[Round "9.24"]
[White "Przezdziecka, Marta"]
[Black "Jablonska, Sabina"]
[Result "1/2-1/2"]
[WhiteElo "2249"]
[BlackElo "1903"]
[PlyCount "94"]
[EventDate "2011.??.??"]

1. c4 e5 2. Nc3 Nc6 3. a3 f5 4. e3 Nf6 5. Nge2 d6 6. g3 g6 7. Bg2 Bg7 8. O-O
O-O 9. d3 Be6 10. Nd5 Rb8 11. Nec3 Ne7 12. b4 c6 13. Nxf6+ Bxf6 14. Bb2 d5 15.
Qe2 Qc7 16. cxd5 Nxd5 17. Rac1 Nxc3 18. Bxc3 Rbd8 19. Rfd1 Rf7 20. Qb2 Rfd7 21.
Bf1 Bg7 22. Rd2 Bd5 23. a4 Rf7 24. Bh3 Kh8 25. d4 e4 26. b5 cxb5 27. axb5 Rc8
28. Rdc2 Qd8 29. Bf1 b6 30. Bb4 Rfc7 31. Rxc7 Rxc7 32. Rxc7 Qxc7 33. Qa3 Bf6
34. Bd6 Qb7 35. Qb4 Qc8 36. Qa3 Qb7 37. Be5 Kg7 38. Qc3 Bxe5 39. dxe5 Kf7 40.
Bc4 Ke6 41. Be2 Qb8 42. Qa1 Qc7 43. h4 h5 44. Kg2 Qg7 45. Qa3 Qc7 46. Qa1 Qg7
47. Qa3 Qc7 1/2-1/2

[Event "Cracovia 2010"]
[Site "Krakow"]
[Date "2011.01.04"]
[Round "9.25"]
[White "Siwiec, Arkadiusz"]
[Black "Bukojemski, Adam"]
[Result "1-0"]
[WhiteElo "2105"]
[BlackElo "2240"]
[PlyCount "91"]
[EventDate "2011.??.??"]

1. e4 c5 2. Nf3 d6 3. d4 cxd4 4. Nxd4 Nf6 5. Nc3 a6 6. Bg5 e6 7. f4 Nc6 8. e5
h6 9. Bh4 dxe5 10. Nxc6 Qxd1+ 11. Rxd1 bxc6 12. fxe5 Nd7 13. Ne4 Rb8 14. b3 Rb4
15. Bc4 Be7 16. Nd6+ Bxd6 17. Rxd6 g5 18. Bg3 Nb6 19. Bd3 Bb7 20. c3 Rg4 21.
Be2 Re4 22. Kf2 Nd5 23. Bf3 Nxc3 24. Rd3 g4 25. Bxe4 Nxe4+ 26. Ke3 c5 27. Rhd1
O-O 28. Bh4 Bd5 29. Kf4 Kh7 30. Rxd5 exd5 31. Rxd5 Nc3 32. Rxc5 Nxa2 33. Kxg4
Rg8+ 34. Kh5 Rxg2 35. Rc7 Kg8 36. Kxh6 Rg6+ 37. Kh5 Rg2 38. h3 Nb4 39. Bf6 Rc2
40. Rb7 Nc6 41. Kh6 Kf8 42. h4 Ke8 43. h5 a5 44. Kh7 Rg2 45. h6 Nd4 46. Rb8+
1-0